Τα λουτρουβειά της Χίου
Αποθηκεύτηκε σε:
| Κύριος συγγραφέας: | |
|---|---|
| Μορφή: | Βιβλίο |
| Γλώσσα: | Greek |
| Δημοσίευση: |
Μυτιλήνη :
Περιφέρεια Βορείου Αιγαίου,
[201?].
|
| Θέματα: | |
| Ετικέτες: |
Προσθήκη ετικέτας
Δεν υπάρχουν, Καταχωρήστε ετικέτα πρώτοι!
|
MARC
| LEADER | 00000cam a2200000 i 4500 | ||
|---|---|---|---|
| 001 | 1/66105 | ||
| 008 | 150205s gre d | ||
| 020 | |a 9789609929028 | ||
| 035 | |l 10120918 | ||
| 040 | |a GR-MY-UA |b gre |e aacr | ||
| 041 | 0 | |a gre | |
| 082 | 0 | |a 664.3620949582 |2 (23) | |
| 100 | 1 | |a Κιουρέλλης, Αλέξανδρος. | |
| 245 | 1 | 3 | |a Τα λουτρουβειά της Χίου / |c Αλέξανδρος Κιουρέλλης |
| 260 | |a Μυτιλήνη : |b Περιφέρεια Βορείου Αιγαίου, |c [201?]. | ||
| 300 | |a 190 σ.; |b εικ.; |c 24 εκ. | ||
| 504 | |a Περιλαμβάνει βιβλιογραφία. | ||
| 650 | 0 | 0 | |a Olive oil mills |z Greece |z Chios (Municipality) |
| 650 | 0 | 0 | |a Olive oil presses |z Greece |z Chios (Municipality) |
| 852 | |a INST |b LEMNOS |e 20160726 |h 664.3620949582 ΚΙΟ |p 005600001810 |q 005600001810 |t BK |y 0 | ||
| 852 | |a INST |b LESVOS |e 20150205 |h 664.3620949582 ΚΙΟ |p 005100056106 |q 005100056106 |t BK |y 0 | ||
| 901 | |a BIBL1-2015-1 | ||
| 970 | |a ΤΖΑΦΕΡΗ |b ΕΥΑΓΓΕΛΙΑ |z 2015/02/05 | ||